| 000 | 00450nam a2200169Ia 4500 | ||
|---|---|---|---|
| 008 | 230524s9999 xx 000 0 und d | ||
| 020 | _a8137194211 | ||
| 082 |
_a510.5 _bVEN |
||
| 100 | _aT.N.Venkataramana | ||
| 245 | 0 | _a"Cohomology of Arithmatic Groups, L-Functions and Automorphic Forms" | |
| 260 |
_aNEW DELHI _bNarosa _c2001 |
||
| 300 | _aVI;251 | ||
| 500 | _aQuantity Number: 2 | ||
| 650 | _aMathematics | ||
| 700 | _a",,,0/," | ||
| 942 | _cBK | ||
| 999 |
_c5104 _d5104 |
||